Anagrammes de pays du monde en 10 lettres - Statistiques

Statistiques générales
  • Ce quiz a été pris 1 058 fois
  • Le résultat moyen est 8 sur 10
Statistiques - réponses
Anagramme Pays % Correct
MASCAGRADA Madagascar
99%
BLANDHAGES Bangladesh
96%
ZEMBOQUAIM Mozambique
94%
SCELLESHEY Seychelles
92%
MONTGERONE Montenegro
91%
ZAKAKSNATH Kazakhstan
90%
MELBURGOUX Luxembourg
69%
AMUIRAIENT Mauritanie
64%
REGALERENT Angleterre
34%
NANTIRAMIS Saint-Marin
27%
Aucun quiz correspondant
Distribution des résultats
% des personnes avec chaque résultat
Percentile par nombre de réponses
Votre historique - résultats
Vous n’avez pas pris ce quiz